Presidenti della Repubblica Italiana - Morte improvvisa - Statistics

Statistiche generali
  • Questo quiz è stato fatto 192 volte
  • Il punteggio medio è 8 su 12
Answers on the Grid
Answers color-coded by a green-red scale on the quiz's grid according to % correct below.
Sergio Mattarella
Giorgio Napolitano
Carlo Azeglio Ciampi
Oscar Luigi Scalfaro
Francesco Cossiga
Sandro Pertini
Giovanni Leone
Giuseppe Saragat
Antonio Segni
Giovanni Gronchi
Luigi Einaudi
Enrico De Nicola
Alcide De Gasperi
Amintore Fanfani
Aldo Moro
Giulio Andreotti
Giovanni Spadolini
Bettino Craxi
Giuliano Amato
Silvio Berlusconi
Romano Prodi
Massimo D'Alema
Mario Monti
Matteo Renzi
 
Statistiche sulle risposte
Risposta % Corretto
Sergio Mattarella
78%
Giorgio Napolitano
73%
Sandro Pertini
73%
Carlo Azeglio Ciampi
70%
Francesco Cossiga
70%
Enrico De Nicola
67%
Oscar Luigi Scalfaro
65%
Luigi Einaudi
62%
Giovanni Leone
61%
Giuseppe Saragat
60%
Giovanni Gronchi
57%
Antonio Segni
53%
Nessun quiz corrispondente trovato
Distribuzione punteggi
Percentuale di utenti per punteggio
Percentile per numero di risposta
I tuoi punteggi nel tempo
Non hai fatto questo quiz